Регионална библиотека "Любен Каравелов" - Русе

Изгубеното езеро (Запис номер 152806)

MARC детайли
000 -Лидер
Контролно поле с фиксирана дължина 01550nam a2200373 a 4500
003 - Код на организацията, давaща контролен номер
Контролно поле BLK
005 - Дата и час на последна редакция
Контролно поле 20250724111822.0
008 - Елементи от данни с фиксирана дължина
fixed length control field 180410b bul|||||r ||||||| ||bul||
010 ## - Наследен системен номер
LC control number KNG00159325000
020 ## - Международен стандартен номер на книга ISBN
Международен стандартен номер на книга ISBN 978-954-389-275-4
040 ## - Източник на каталожния запис
Идентификатор на билиотеката - собственик на записа BLK
041 ## - Код за език
Код за езика на текст/звукозапис или на отделно заглавие Български
Код за езика КДБФ Български
072 #7 - Код за тематичната категория
Код организация bullib
Код за тематична категория Н8300
Текст Романтична проза Н
080 ## - УДК
Текстов определител УДК Американска литература (на САЩ)
УДК код - определител по УДК 821.111(73)
УДК определител -31
УДК - код + определител 821.111(73)-31
100 1# - Редна дума - Автор
Автор Алън, Сара Адисън
Авторска отговорност първи автор
R(LIN) 281347
139 ## - Редно поле
Редна дума Алън, Сара Адисън
Авторски знак Алш - А 59
245 10 - Сведения за заглавието
Заглавие Изгубеното езеро
Подзаглавни данни Роман
Редно поле (дума) Сара Адисън Алън; прев. от англ. Емилия Станимирова Карастойчева.
257 ## - Страна на издаване
Страна на създаване/издаване Съединени американски щати
260 ## - Област на издателските данни
Име на издателя, разпространителя и проч. Ера
Година на издаване 2014
Печатница София : Експертпринт
300 ## - Физическа характеристика
Страници 280 с.
Размери/Мащаб 20 см
380 ## - Жанр
Жанр Худож. лит.
500 ## - Общи забележки
Забележка Ориг. загл. Lost Lake / Sarah Addison Allen.
653 ## - Ключова дума – ненормативна
Ключова дума романтична проза
653 ## - Ключова дума – ненормативна
Ключова дума романи
659 ## - Тематичен бюлетин
Тематичен бюлетин Н
700 1# - Други автори (авторска отговорност)
Лично име Карастойчева, Емилия Станимирова
Дати, свързани с автора 1971 -
Друга информация Индолог. Преводач от английски език
Пълна форма на името Ничева-Карастойчева, Емилия Станимирова
9 (RLIN) 76920
852 ## - Местоположение
Форматна сигнатура Цб 268333
856 4# - Електронен адрес и достъп
Електронен формат pdf - файл
856 4# - Електронен адрес и достъп
Електронен формат pdf - файл
999 ## - СИСТЕМНИ КОНТРОЛНИ НОМЕРА
Koha biblionumber 152806
Koha biblioitemnumber 152806
942 ## - АРТИКУЛИ
Вид на библиотечния материал Книги
Скрит в OPAC Не
Koha issues (borrowed), all copies 79
944 ## - СЪЗДАВАНЕ И РЕДАКЦИЯ на ЗАПИСА
Създаване/Редакция Създаване
Дата на регистрацията/редакция 08.04.2014
Статус, дата на статуса Цветелина Шанова
Служител, извършил регистрацията/редакцията 30531
944 ## - СЪЗДАВАНЕ И РЕДАКЦИЯ на ЗАПИСА
Създаване/Редакция Редакция
Дата на регистрацията/редакция 27.04.2016
Статус, дата на статуса ф /
Служител, извършил регистрацията/редакцията Людмила_Стоянова
999 ## - СИСТЕМНИ КОНТРОЛНИ НОМЕРА
Koha biblioitemnumber 152806
Наличности
Код за отписване Код за изгубен артикул Източник на класификационната схема Код за повреда Коз за рестрикции Код за отдаване Артикулен № Име на библиотеката - собственик Име на библиотеката, в която се намира в момента Статус (Текущо местоположение) Дата на вписване в системата Местоположение - отдел Цена в лева Инвентарен номер Систематично азбучна сигнатура Баркод Номер на екземпляра Цена в евро Служебна бележка Служебен тип на артикула
  Не е изгубен Universal Decimal Classification Не е повреден без рестрикции заемане за дома 255457 Регионална библиотека "Любен Каравелов" Русе Регионална библиотека "Любен Каравелов" Русе Заемна - подръчен фонд 2014-04-09 Заемна - подръчен фонд 10.92 120000776532 П 820(73)-31/А 59 120000776532 1 5.58 Дост: Pk Вид: Ф N: 294 Дата: 03.04.2014 Книги
  Не е изгубен   Не е повреден без рестрикции ползва се в читалня 255458 Регионална библиотека "Любен Каравелов" Русе Регионална библиотека "Любен Каравелов" Русе Хранилище 2015-09-24 Хранилище 14.00 120000792904 Цб 268333 120000792904 2 7.16 Дост: Dp Вид: Д N: 29 Дата: 01.07.2015 Книги
Изтеглен Не е изгубен   Не е повреден без рестрикции заемане за дома 255459 Регионална библиотека "Любен Каравелов" Русе Регионална библиотека "Любен Каравелов" Русе Заемна - подръчен фонд 2016-04-28 Заемна - подръчен фонд 7.00 120000799905 П 820(73)-31/А 59 120000799905 3 3.58 Дост: Pk Вид: Ф N: 9852 Дата: 25.04.2016 Дата инв: 15.02.2018 Бележки инв: П2018 Книги
  Не е изгубен Universal Decimal Classification Не е повреден без рестрикции заемане за дома 677586 Регионална библиотека "Любен Каравелов" Русе Регионална библиотека "Любен Каравелов" Русе Заемна - подръчен фонд 2018-06-18 Заемна - подръчен фонд 5.00 120000821139 П 820(73)-31/А 59 120000821139   2.56   Книги
Vip Innovations Ltd, Rousse, Bulgaria 2025